[Event "La Pobla de Lillet op 19th"]
[Site "La Pobla de Lillet"]
[Date "2009.08.??"]
[Round "5"]
[White "Gallart Zafra, Jaume"]
[Black "Ayza Ballester, Jordi"]
[Result "0-1"]
[WhiteElo "2161"]
[BlackElo "2294"]
[PlyCount "110"]
[EventDate "2009.08.02"]
[EventType "swiss"]
[EventRounds "9"]
[EventCountry "ESP"]
[SourceTitle "CBM 131 Extra"]
[Source "ChessBase"]
[SourceDate "2009.09.03"]
[SourceVersion "2"]
[SourceVersionDate "2009.09.16"]
[SourceQuality "1"]

1. e4 c5 2. Nf3 e6 3. d4 cxd4 4. Nxd4 a6 5. Be2 Nf6 6. Bf3 d5 7. exd5 Nxd5 8. 0-0 Be7 9. c4 Nf6 10. Nc3 Qc7 11. Qe2 0-0 12. Bg5 h6 13. Bh4 Qf4 14. Ne4 Nxe4 15. Bxe7 Re8 16. Bxe4 Rxe7 17. Rfd1 Re8 18. g3 Qc7 19. Rac1 Nd7 20. Bg2 Nf6 21. b4 e5 22. Nb3 Bg4 23. Bf3 Bxf3 24. Qxf3 e4 25. Qc3 Qc8 26. Rd6 Qh3 27. Rxf6 gxf6 28. Qxf6 e3 29. Nd4 exf2+ 30. Qxf2 Qh5 31. Rf1 Re4 32. Nf5 Rf8 33. Qb2 Qg5 34. h4 Qg6 35. Qg2 Rfe8 36. Qf3 Re1 37. c5 Rxf1+ 38. Kxf1 h5 39. Qf4 Re6 40. Kg2 Kh7 41. Nd6 Re7 42. a4 Qg4 43. Qxg4 hxg4 44. Kf2 Kg6 45. a5 Kf6 46. b5 axb5 47. Nxb5 Kf5 48. c6 bxc6 49. Nd4+ Ke4 50. Nxc6 Rc7 51. Nb8 Rc2+ 52. Ke1 Ke3 53. Kd1 Ra2 54. a6 f5 55. h5 f4 0-1